00570nam a22001697a 450000500170000001000130001702000260003003500110005603700130006708200080008010000380008824500590012624600480018526000520023327000920028530000230037720201005161416.0 aUR-10879 c300.00a9789390100705 aU-9434 bDBAD/PUB a841 aز ر ينہ بيگم ز ر يں  aند ا ۓ د ل cز ر ينہ بيگم ز ر يں  bNida-e-Dil (Urdu)aby Zareena Begum Zarrin aN.Delhi bEducational Publishing Housec2020 ء aH.O.D1/16,Ansari Road,Darya ganj,bN.Delhie110002k45678285,23216162l0091-11-23211540 a292 ص c22 Cm(Hb)